00480nam a2200169Ia 4500003000400000008004100004040001600045082001600061100002200077245009500099260004000194300001000234650001100244650001800255650002700273650001000300GCL140319s9999 xx 000 0 eng d aGCL / cGCL04a297.83bO I1 aO'BALLANCE, EDGAR10aISLAMIC FUNDAMENTALIST TERRORISM 1979 - 1995: THE IRANIAN CONNECTION / cO'BALLANCE, EDGAR a[S.N] : bMACMILLAN PRESS ، c1997 a228 P04aنجد04aGAMA ISLAMIYA04aISLAM - FUNDAMENTALIST04aHAMAS